000 00291nam a22001337a 4500
003 SGT
082 _a370
_bM14G
100 _aGUPTA, RAMESH
245 _aMODERN INDIAN EDUCATION SYSTEM
260 _aNEW DELHI
_bINDIAN PUB
_c2014
300 _a322
650 _aEDUCATION
942 _2ddc
_cBK
_02
999 _c12111
_d12111